| 000 | 00383nam a2200145Ia 4500 | ||
|---|---|---|---|
| 008 | 230917s9999||||xx |||||||||||||| ||und|| | ||
| 040 |
_e58978 _aMAIN |
||
| 041 | _aEnglish | ||
| 082 | _a412 N56C | ||
| 100 | _aNida, Eugene A | ||
| 245 | 0 | _aComponential analysis of meaning: an introduction to semantic structures | |
| 260 |
_aHague _bMouton _c1979 |
||
| 300 | _a272 p. | ||
| 942 | _cBK | ||
| 999 |
_c39709 _d39709 |
||